| 000 | 00532nam a22001937a 4500 | ||
|---|---|---|---|
| 003 | NUST - PNEC | ||
| 005 | 20170116180825.0 | ||
| 008 | 150630b xxu||||| |||| 00| 0 eng d | ||
| 020 | _a- | ||
| 040 | _cLIBRARY | ||
| 082 | _a512.13 MIL | ||
| 100 |
_94275 _aMiller, Frederic H. |
||
| 245 |
_aCollege algebra and trigonometry : a basic integrated course _cFrederic H. Miller |
||
| 250 | _a2nd ed | ||
| 260 |
_aNew York _bJohn Wiley & Sons, INC. _cc1959. |
||
| 300 | _a342 p. : | ||
| 650 |
_94278 _aAlgebra _xME |
||
| 942 |
_2ddc _cBK |
||
| 999 |
_c63838 _d63838 |
||